Structure and tribomechanical properties of extrudable ultra-high molecular weight polyethylene composites fabricated by 3D-printing; Иерархические материалы: разработка и приложения для новых технологий и надежных конструкций

Detalles Bibliográficos
Parent link:Иерархические материалы: разработка и приложения для новых технологий и надежных конструкций.— 2019.— [С. 30]
Corporate Authors: Национальный исследовательский Томский политехнический университет Инженерная школа новых производственных технологий Отделение материаловедения, Национальный исследовательский Томский политехнический университет Институт физики высоких технологий Кафедра материаловедения и технологии металлов Научно-образовательный центр "Современные производственные технологии"
Outros autores: Panin S. V. Sergey Viktorovich, Buslovich D. Dmitry, Kornienko L. A., Dontsov (Doncov) Yu. Yuriy Vladimirovich, Bochkareva S. A.
Summary:Заглавие с экрана
Режим доступа: по договору с организацией-держателем ресурса
Idioma:inglés
Publicado: 2019
Series:Multiscale biomechanics and tribology of inorganic and organic systems
Subjects:
Acceso en liña:https://elibrary.ru/item.asp?id=41206856
Formato: Electrónico Capítulo de libro
KOHA link:https://koha.lib.tpu.ru/cgi-bin/koha/opac-detail.pl?biblionumber=661013

MARC

LEADER 00000nla2a2200000 4500
001 661013
005 20240111142447.0
035 |a (RuTPU)RU\TPU\network\31218 
035 |a RU\TPU\network\28701 
090 |a 661013 
100 |a 20191118a2019 k y0rusy50 ba 
101 0 |a eng 
102 |a RU 
105 |a y z 100zy 
135 |a drgn ---uucaa 
181 0 |a i  
182 0 |a b 
200 1 |a Structure and tribomechanical properties of extrudable ultra-high molecular weight polyethylene composites fabricated by 3D-printing  |f S. V. Panin [et al.] 
203 |a Text  |c electronic 
225 1 |a Multiscale biomechanics and tribology of inorganic and organic systems 
300 |a Заглавие с экрана 
333 |a Режим доступа: по договору с организацией-держателем ресурса 
463 0 |0 (RuTPU)RU\TPU\network\31158  |t Иерархические материалы: разработка и приложения для новых технологий и надежных конструкций  |o международный междисциплинарный симпозиум, 1-5 октября 2019 г., Томск, Россия  |o тезисы докладов International Workshop "Multiscale Biomechanics and Tribology of Inorganic and Organic Systems"  |o тезисы докладов международной конференции "Перспективные материалы с иерархической структурой для новых технологий и надежных конструкций"  |o тезисы докладов международной конференции "Химия нефти и газа: добыча, подготовка, транспорт нефти и газа"  |f Российская академия наук (РАН), Сибирское отделение (СО), Институт физики прочности и материаловедения (ИФПМ) ; Институт химии нефти (ИХН)  |v [С. 30]  |d 2019 
610 1 |a электронный ресурс 
610 1 |a труды учёных ТПУ 
610 1 |a структура 
610 1 |a трибомеханические свойства 
610 1 |a композиты 
610 1 |a 3D-печать 
610 1 |a композиционные материалы 
610 1 |a аддитивные технологии 
610 1 |a аддитивное производство 
610 1 |a термопластичные полимеры 
610 1 |a сверхвысокомолекулярные полиэтилены 
610 1 |a СВМПЭ 
701 1 |a Panin  |b S. V.  |c specialist in the field of material science  |c Professor of Tomsk Polytechnic University, Doctor of technical sciences  |f 1971-  |g Sergey Viktorovich  |3 (RuTPU)RU\TPU\pers\32910  |9 16758 
701 1 |a Buslovich  |b D.  |c specialist in material science  |c assistant of Tomsk Polytechnic University  |f 1993-  |g Dmitry  |3 (RuTPU)RU\TPU\pers\40084 
701 1 |a Kornienko  |b L. A. 
701 1 |a Dontsov (Doncov)  |b Yu.  |c Specialist in the field of material science  |c Engineer of Tomsk Polytechnic University  |f 1982-  |g Yuriy Vladimirovich  |3 (RuTPU)RU\TPU\pers\38298 
701 1 |a Bochkareva  |b S. A. 
712 0 2 |a Национальный исследовательский Томский политехнический университет  |b Инженерная школа новых производственных технологий  |b Отделение материаловедения  |3 (RuTPU)RU\TPU\col\23508 
712 0 2 |a Национальный исследовательский Томский политехнический университет  |b Институт физики высоких технологий  |b Кафедра материаловедения и технологии металлов  |b Научно-образовательный центр "Современные производственные технологии"  |3 (RuTPU)RU\TPU\col\22917 
801 2 |a RU  |b 63413507  |c 20191118  |g RCR 
856 4 |u https://elibrary.ru/item.asp?id=41206856 
942 |c CF